LIBRARY & INFORMATION CENTRE, KCAET, TAVANUR

ONLINE PUBLIC ACCESS CATALOGUE (OPAC)

Normal view MARC view
  • Shivaji K.P (Guide)

Entry Personal Name

Number of records used in: 1

001 - CONTROL NUMBER

  • control field: 3818

003 - CONTROL NUMBER IDENTIFIER

  • control field: OSt

005 - DATE AND TIME OF LATEST TRANSACTION

  • control field: 20181030135413.0

008 - FIXED-LENGTH DATA ELEMENTS

  • fixed length control field: 181030|| aca||aabn | a|a d

040 ## - CATALOGING SOURCE

  • Original cataloging agency: OSt
  • Transcribing agency: OSt

100 ## - HEADING--PERSONAL NAME

  • Personal name: Shivaji K.P (Guide)

670 ## - SOURCE DATA FOUND

  • Source citation: Work cat.: (OSt)15474: AMSULA V. AJAYAN ANILA P. FOUSIYA 3817, Design, development and testing of arduino based slip-meter , 2018
free website counter